000 00544nam a2200169 i 4500
001 114642
003 ES-MaACL
005 20230906190218.0
007 t|
008 070316s1922 fr ||||1| fre d
100 1 _aRégismanset, Charles.
_995896
245 1 0 _a8 jours á l'Exposition Coloniale de Marseille /
_cCharles Régismanset ; couverture et illustrations de Claude-René Martin.
260 _aParis :
_bG. Crés & Cie,
_c1922.
300 _a150 p. :
_bil.
700 1 _aMartin, Claude-René.
_977278
852 _aES-MaACL
_j1637-F-11
999 _c114642
_d114642